000 00428 a2200145 4500
005 20250417132524.0
020 _a0-201-05328-4
082 _a657.45 VAS
100 _aVASARHELYI, M. A.
245 _aAdvanced Auditing: Fundamentals of EDP and Statistical Audit Technology.
260 _aNew York,
_bAddison of Wesley,
_c1988.
300 _aXi,628p.: ill.; figure & table
_bIndex
_c23cm.
700 _aLIN, T. W.
942 _2ddc
_cBKS
999 _c1558
_d1558